000 00567ntaaa2200217 4500
003 01
005 20251027203204.0
008 0714s1973 ag 01
020 _a0899225047
040 _aAR-BaBN
_bspa
_cAR-BaBN
_eaacr
_dRIC
082 _a225 El87e
100 _aElwell, Walter
_933563
245 _aAl encuentro del Nuevo Testamento
250 _a1 ed.
260 _aLondon, Inglaterra :
_bCaribe,
_c1999
300 _a385 p.
500 _app. 387 -448
650 _aBIBLIA-NUEVO TESTAMENTO-INTRODUCCIONES
700 _aYarbrough, Robert
_933565
942 _cBK
999 _c27366
_d27366